书目信息 |
| 题名: |
淮海战役
|
|
| 作者: | 徐州市《淮海战役》编写组编 | |
| 分册: | ||
| 出版信息: | 上海 上海人民出版社 1978 |
|
| 页数: | 114页 | |
| 开本: | 19cm | |
| 丛书名: | ||
| 单 册: | ||
| 中图分类: | K266.6 | |
| 科图分类: | ||
| 主题词: | 淮海战役(1948~1949)--史料 | |
| 电子资源: | ||
| ISBN: | ||
| 000 | 00560nam0 2200217 45 | |
| 001 | 0178005735 | |
| 005 | 20040303122335.2 | |
| 010 | @dCNY0.24 | |
| 091 | @a3074.490 | |
| 100 | @a19950714d1978 em y0chiy0121 ea | |
| 101 | 0 | @achi |
| 102 | @aCN@b310000 | |
| 105 | @af z 000yy | |
| 106 | @ar | |
| 200 | 10 | @a淮海战役@Ahuai hai zhan yi@f徐州市《淮海战役》编写组编 |
| 210 | @a上海@c上海人民出版社@d1978 | |
| 215 | @a114页@c图@d19cm | |
| 606 | @a淮海战役(1948~1949)@x史料 | |
| 690 | @aK266.6@v3 | |
| 801 | 0 | @aCN@bNLC@c20040303 |
| 905 | @f1@b14556@dK266.6@e2 | |
| 淮海战役/徐州市《淮海战役》编写组编.-上海:上海人民出版社,1978 |
| 114页:图;19cm |
| ISBN :CNY0.24 |
| ● |
| 相关链接 |
|
|
|
|
正题名:淮海战役
索取号:K266.6/2
 
预约/预借
| 序号 | 登录号 | 条形码 | 馆藏地/架位号 | 状态 | 备注 |
| 1 | 0014556 | 001902347 | 密集书库/ [索取号:K266.6/2] | 在馆 |